[Event "DEM U14w 2021"]
[Site "Willingen GER"]
[Date "2021.08.27"]
[Round "7"]
[White "Hellenbroich, Helene"]
[Black "Fiedler, Annabelle"]
[Result "1-0"]
[Termination "normal"]
[Board "13"]
[WhiteElo "1378"]
[BlackElo "937"]
[WhiteClock "00:07:25"]
[BlackClock "00:47:57"]
[PlyCount "75"]
[WhiteFideId "16270754"]
[BlackFideId "34605835"]
[EventCountry "GER"]
[EventRounds "9"]
[EventType "swiss"]
[EventDate "2021.08.22"]

1. e4 {[%clk 01:30:58]} {[%emt 00:00:02]} c5 {[%clk 01:30:57]} {[%emt
00:00:04]} 2. Nf3 {[%clk 01:31:22]} {[%emt 00:00:06]} Nc6 {[%clk 01:31:22]}
{[%emt 00:00:05]} 3. Bb5 {[%clk 01:31:47]} {[%emt 00:00:05]} g6 {[%clk
01:31:27]} {[%emt 00:00:25]} 4. O-O {[%clk 01:31:34]} {[%emt 00:00:43]} Bg7
{[%clk 01:31:41]} {[%emt 00:00:15]} 5. Re1 {[%clk 01:31:14]} {[%emt 00:00:50]}
e5 {[%clk 01:31:19]} {[%emt 00:00:53]} 6. c3 {[%clk 01:30:26]} {[%emt
00:01:17]} Nge7 {[%clk 01:31:04]} {[%emt 00:00:46]} 7. d3 {[%clk 01:26:11]}
{[%emt 00:04:44]} O-O {[%clk 01:30:19]} {[%emt 00:01:14]} 8. Nbd2 {[%clk
01:23:29]} {[%emt 00:03:12]} d6 {[%clk 01:28:22]} {[%emt 00:02:27]} 9. Nf1
{[%clk 01:20:58]} {[%emt 00:03:01]} a6 {[%clk 01:26:00]} {[%emt 00:02:53]} 10.
Ba4 {[%clk 01:18:45]} {[%emt 00:02:43]} Bg4 {[%clk 01:25:33]} {[%emt 00:00:57]}
11. Ne3 {[%clk 01:17:49]} {[%emt 00:01:25]} Bd7 {[%clk 01:23:41]} {[%emt
00:02:23]} 12. Bc2 {[%clk 01:13:03]} {[%emt 00:05:15]} b5 {[%clk 01:21:29]}
{[%emt 00:02:42]} 13. Bd2 {[%clk 01:03:59]} {[%emt 00:09:34]} b4 {[%clk
01:21:21]} {[%emt 00:00:38]} 14. Ba4 {[%clk 01:01:52]} {[%emt 00:02:38]} Rb8
{[%clk 01:19:49]} {[%emt 00:02:02]} 15. a3 {[%clk 00:56:05]} {[%emt 00:06:16]}
a5 {[%clk 01:11:10]} {[%emt 00:09:09]} 16. Nc4 {[%clk 00:51:42]} {[%emt
00:04:53]} Qc7 {[%clk 01:10:28]} {[%emt 00:01:11]} 17. Bg5 {[%clk 00:50:48]}
{[%emt 00:01:25]} Rfe8 {[%clk 01:10:43]} {[%emt 00:00:16]} 18. Bb3 {[%clk
00:43:05]} {[%emt 00:08:12]} Be6 {[%clk 01:06:25]} {[%emt 00:04:48]} 19. Ne3
{[%clk 00:35:25]} {[%emt 00:08:10]} Nc8 {[%clk 01:05:55]} {[%emt 00:01:01]} 20.
Nd5 {[%clk 00:34:17]} {[%emt 00:01:38]} Qd7 {[%clk 01:04:41]} {[%emt 00:01:42]}
21. Nf6+ {[%clk 00:33:10]} {[%emt 00:01:37]} Bxf6 {[%clk 01:04:33]} {[%emt
00:00:38]} 22. Bxf6 {[%clk 00:33:35]} {[%emt 00:00:06]} bxc3 {[%clk 01:02:17]}
{[%emt 00:02:46]} 23. Qc1 {[%clk 00:30:03]} {[%emt 00:04:02]} Qe7 {[%clk
01:00:43]} {[%emt 00:02:03]} 24. Bxe7 {[%clk 00:29:21]} {[%emt 00:01:13]} Rxe7
{[%clk 01:01:05]} {[%emt 00:00:08]} 25. Qxc3 {[%clk 00:26:21]} {[%emt
00:03:29]} Rxb3 {[%clk 01:01:03]} {[%emt 00:00:33]} 26. Qc2 {[%clk 00:23:30]}
{[%emt 00:03:21]} Reb7 {[%clk 00:59:30]} {[%emt 00:02:02]} 27. Rab1 {[%clk
00:22:19]} {[%emt 00:01:42]} Nd4 {[%clk 00:59:15]} {[%emt 00:00:45]} 28. Nxd4
{[%clk 00:21:38]} {[%emt 00:01:11]} cxd4 {[%clk 00:59:34]} {[%emt 00:00:12]}
29. Qd2 {[%clk 00:17:56]} {[%emt 00:04:12]} a4 {[%clk 00:58:51]} {[%emt
00:01:13]} 30. Rec1 {[%clk 00:15:34]} {[%emt 00:02:52]} Ne7 {[%clk 00:57:04]}
{[%emt 00:02:17]} 31. f4 {[%clk 00:13:42]} {[%emt 00:02:22]} Rb8 {[%clk
00:53:39]} {[%emt 00:03:54]} 32. fxe5 {[%clk 00:13:41]} {[%emt 00:00:31]} dxe5
{[%clk 00:53:47]} {[%emt 00:00:22]} 33. Qa5 {[%clk 00:12:07]} {[%emt 00:02:04]}
f6 {[%clk 00:52:41]} {[%emt 00:01:36]} 34. Rc7 {[%clk 00:11:06]} {[%emt
00:01:30]} Nc8 {[%clk 00:51:03]} {[%emt 00:02:09]} 35. Qa6 {[%clk 00:08:40]}
{[%emt 00:02:56]} Nb6 {[%clk 00:49:57]} {[%emt 00:01:36]} 36. Qa7 {[%clk
00:08:30]} {[%emt 00:00:41]} Nc8 {[%clk 00:49:13]} {[%emt 00:01:14]} 37. Qxa4
{[%clk 00:07:23]} {[%emt 00:01:37]} f5 {[%clk 00:47:57]} {[%emt 00:01:46]} 38.
Qe8# {[%clk 00:07:25]} {[%emt 00:00:26]} 1-0

[Event "DEM U14w 2021"]
[Site "Willingen GER"]
[Date "2021.08.29"]
[Round "9"]
[White "Prinzen, Siri Marleen"]
[Black "Hubert, Charlotte"]
[Result "1/2-1/2"]
[Termination "normal"]
[Board "1"]
[WhiteElo "1626"]
[BlackElo "1545"]
[WhiteClock "00:25:11"]
[BlackClock "00:13:20"]
[PlyCount "48"]
[WhiteFideId "16265912"]
[BlackFideId "16265920"]
[EventCountry "GER"]
[EventRounds "9"]
[EventType "swiss"]
[EventDate "2021.08.22"]

1. e4 {[%clk 01:30:58]} {[%emt 00:00:02]} c5 {[%clk 01:30:48]} {[%emt
00:00:12]} 2. d3 {[%clk 01:31:22]} {[%emt 00:00:07]} Nc6 {[%clk 01:31:09]}
{[%emt 00:00:09]} 3. f4 {[%clk 01:31:37]} {[%emt 00:00:14]} e6 {[%clk
01:31:28]} {[%emt 00:00:12]} 4. Nf3 {[%clk 01:29:59]} {[%emt 00:02:08]} d5
{[%clk 01:31:35]} {[%emt 00:00:23]} 5. Be2 {[%clk 01:29:26]} {[%emt 00:01:02]}
Bd6 {[%clk 01:31:46]} {[%emt 00:00:20]} 6. O-O {[%clk 01:28:19]} {[%emt
00:01:36]} Nge7 {[%clk 01:32:02]} {[%emt 00:00:14]} 7. c3 {[%clk 01:25:17]}
{[%emt 00:03:32]} f6 {[%clk 01:30:54]} {[%emt 00:01:38]} 8. g3 {[%clk
01:21:07]} {[%emt 00:04:41]} O-O {[%clk 01:29:51]} {[%emt 00:01:32]} 9. Nbd2
{[%clk 01:17:31]} {[%emt 00:04:05]} b6 {[%clk 01:26:17]} {[%emt 00:04:27]} 10.
Re1 {[%clk 01:09:19]} {[%emt 00:08:20]} Bb7 {[%clk 01:18:07]} {[%emt 00:08:39]}
11. exd5 {[%clk 01:06:18]} {[%emt 00:03:32]} exd5 {[%clk 01:17:39]} {[%emt
00:00:58]} 12. Nb3 {[%clk 01:05:05]} {[%emt 00:01:44]} Nf5 {[%clk 01:07:09]}
{[%emt 00:10:59]} 13. Bf1 {[%clk 01:02:01]} {[%emt 00:03:34]} Re8 {[%clk
00:56:32]} {[%emt 00:11:07]} 14. Bg2 {[%clk 00:58:47]} {[%emt 00:03:43]} Bc7
{[%clk 00:48:12]} {[%emt 00:08:50]} 15. Bh3 {[%clk 00:52:08]} {[%emt 00:07:08]}
Bc8 {[%clk 00:42:06]} {[%emt 00:06:36]} 16. Bg2 {[%clk 00:46:41]} {[%emt
00:05:59]} Bb7 {[%clk 00:36:54]} {[%emt 00:05:42]} 17. Bh3 {[%clk 00:42:42]}
{[%emt 00:04:27]} Rxe1+ {[%clk 00:34:52]} {[%emt 00:02:32]} 18. Qxe1 {[%clk
00:41:03]} {[%emt 00:02:08]} Bc8 {[%clk 00:31:25]} {[%emt 00:03:58]} 19. Bg2
{[%clk 00:38:15]} {[%emt 00:03:19]} Kh8 {[%clk 00:20:23]} {[%emt 00:11:32]} 20.
d4 {[%clk 00:32:26]} {[%emt 00:21:47]} c4 {[%clk 00:18:21]} 21. Nbd2 {[%clk
00:31:43]} Qe7 {[%clk 00:17:35]} 22. Kf2 {[%clk 00:29:40]} Bd7 {[%clk
00:15:14]} 23. Qxe7 Ncxe7 {[%clk 00:14:54]} 24. Ne1 {[%clk 00:25:11]} {[%emt
00:01:15]} Re8 {[%clk 00:13:20]} {[%emt 00:02:04]} 1/2-1/2

[Event "DEM U14w 2021"]
[Site "Willingen GER"]
[Date "2021.08.29"]
[Round "9"]
[White "Voigt, Anastasia"]
[Black "Pohle, Saskia"]
[Result "1-0"]
[Termination "normal"]
[Board "2"]
[WhiteElo "1737"]
[BlackElo "1755"]
[WhiteClock "00:08:57"]
[BlackClock "00:10:52"]
[PlyCount "77"]
[WhiteFideId "16235223"]
[BlackFideId "16201604"]
[EventCountry "GER"]
[EventRounds "9"]
[EventType "swiss"]
[EventDate "2021.08.22"]

1. e4 {[%clk 01:30:58]} {[%emt 00:00:02]} e5 {[%clk 01:30:55]} {[%emt
00:00:05]} 2. Nf3 {[%clk 01:31:24]} {[%emt 00:00:04]} Nc6 {[%clk 01:31:18]}
{[%emt 00:00:08]} 3. Bc4 {[%clk 01:31:45]} {[%emt 00:00:08]} Nf6 {[%clk
01:31:43]} {[%emt 00:00:07]} 4. d3 {[%clk 01:32:06]} {[%emt 00:00:09]} Be7
{[%clk 01:32:00]} {[%emt 00:00:12]} 5. O-O {[%clk 01:32:18]} {[%emt 00:00:18]}
O-O {[%clk 01:32:25]} {[%emt 00:00:05]} 6. Re1 {[%clk 01:32:17]} {[%emt
00:00:30]} d6 {[%clk 01:32:48]} {[%emt 00:00:07]} 7. a4 {[%clk 01:32:35]}
{[%emt 00:00:13]} Na5 {[%clk 01:33:06]} {[%emt 00:00:12]} 8. Ba2 {[%clk
01:32:45]} {[%emt 00:00:19]} c5 {[%clk 01:33:26]} {[%emt 00:00:11]} 9. c3
{[%clk 01:32:47]} {[%emt 00:00:28]} Nc6 {[%clk 01:33:09]} {[%emt 00:00:47]} 10.
Na3 {[%clk 01:31:48]} {[%emt 00:01:29]} a6 {[%clk 01:33:13]} {[%emt 00:00:27]}
11. Bd2 {[%clk 01:26:34]} {[%emt 00:05:43]} Be6 {[%clk 01:33:02]} {[%emt
00:00:41]} 12. Nc2 {[%clk 01:22:53]} {[%emt 00:04:11]} Bxa2 {[%clk 01:31:45]}
{[%emt 00:01:47]} 13. Rxa2 {[%clk 01:18:38]} {[%emt 00:04:44]} d5 {[%clk
01:31:18]} {[%emt 00:00:58]} 14. Ra1 {[%clk 01:15:36]} {[%emt 00:03:33]} Qd6
{[%clk 01:26:52]} {[%emt 00:04:56]} 15. Bg5 {[%clk 01:08:47]} {[%emt 00:07:17]}
b5 {[%clk 01:21:01]} {[%emt 00:06:21]} 16. exd5 {[%clk 01:03:14]} {[%emt
00:06:04]} Nxd5 {[%clk 01:13:39]} {[%emt 00:07:53]} 17. Bxe7 {[%clk 01:02:18]}
{[%emt 00:01:25]} Ndxe7 {[%clk 01:12:57]} {[%emt 00:01:11]} 18. d4 {[%clk
00:59:01]} {[%emt 00:03:47]} exd4 {[%clk 01:10:26]} {[%emt 00:03:02]} 19. cxd4
{[%clk 00:58:38]} {[%emt 00:00:53]} c4 {[%clk 01:04:52]} {[%emt 00:06:04]} 20.
Qd2 {[%clk 00:49:14]} {[%emt 00:09:54]} h6 {[%clk 01:00:12]} {[%emt 00:05:10]}
21. Rad1 {[%clk 00:42:27]} {[%emt 00:07:16]} Rfd8 {[%clk 00:57:56]} {[%emt
00:02:46]} 22. Qe2 {[%clk 00:36:49]} {[%emt 00:06:07]} Nd5 {[%clk 00:56:59]}
{[%emt 00:01:29]} 23. Ne5 {[%clk 00:35:16]} {[%emt 00:02:03]} Ncb4 {[%clk
00:54:40]} {[%emt 00:02:48]} 24. Nxb4 {[%clk 00:33:17]} {[%emt 00:02:30]} Nxb4
{[%clk 00:52:26]} {[%emt 00:02:44]} 25. Qh5 {[%clk 00:25:06]} {[%emt 00:08:42]}
Ra7 {[%clk 00:49:36]} {[%emt 00:03:20]} 26. Rd2 {[%clk 00:22:01]} {[%emt
00:03:36]} Qd5 {[%clk 00:43:46]} {[%emt 00:06:19]} 27. Qh4 {[%clk 00:19:29]}
{[%emt 00:03:00]} f6 {[%clk 00:38:11]} {[%emt 00:18:54]} 28. Ng6 {[%clk
00:18:01]} Qf7 {[%clk 00:34:51]} 29. Qg4 {[%clk 00:16:09]} Nd3 {[%clk
00:32:58]} 30. Re6 {[%clk 00:13:37]} {[%emt 00:00:47]} Nc5 {[%clk 00:26:45]}
{[%emt 00:06:42]} 31. Rc6 {[%clk 00:12:51]} {[%emt 00:01:16]} Nb3 {[%clk
00:26:10]} {[%emt 00:01:05]} 32. Rd1 {[%clk 00:11:34]} {[%emt 00:01:46]} Rad7
{[%clk 00:20:37]} {[%emt 00:06:05]} 33. d5 {[%clk 00:10:03]} {[%emt 00:02:01]}
Re8 {[%clk 00:15:25]} {[%emt 00:05:43]} 34. d6 {[%clk 00:09:07]} {[%emt
00:01:25]} Qd5 {[%clk 00:13:14]} {[%emt 00:02:41]} 35. Rc8 {[%clk 00:07:59]}
{[%emt 00:01:39]} Qxd1+ {[%clk 00:09:37]} {[%emt 00:04:06]} 36. Qxd1 {[%clk
00:08:20]} {[%emt 00:00:09]} Rxc8 {[%clk 00:10:02]} {[%emt 00:00:05]} 37. Ne7+
{[%clk 00:08:32]} {[%emt 00:00:17]} Rxe7 {[%clk 00:10:26]} {[%emt 00:00:08]}
38. dxe7 {[%clk 00:08:54]} {[%emt 00:00:06]} Re8 {[%clk 00:10:52]} {[%emt
00:00:05]} 39. Qd5+ {[%clk 00:08:57]} {[%emt 00:00:26]} 1-0

[Event "DEM U14w 2021"]
[Site "Willingen GER"]
[Date "2021.08.29"]
[Round "9"]
[White "Keymer, Cecilia"]
[Black "Fischer, Darja"]
[Result "0-1"]
[Termination "normal"]
[Board "4"]
[WhiteElo "1612"]
[BlackElo "1591"]
[WhiteClock "00:02:44"]
[BlackClock "00:09:23"]
[PlyCount "66"]
[WhiteFideId "16233468"]
[BlackFideId "16240898"]
[EventCountry "GER"]
[EventRounds "9"]
[EventType "swiss"]
[EventDate "2021.08.22"]

1. d4 {[%clk 01:30:58]} {[%emt 00:00:02]} d5 {[%clk 01:30:54]} {[%emt
00:00:06]} 2. c4 {[%clk 01:31:24]} {[%emt 00:00:04]} e6 {[%clk 01:31:21]}
{[%emt 00:00:04]} 3. Nc3 {[%clk 01:31:51]} {[%emt 00:00:04]} Nf6 {[%clk
01:31:46]} {[%emt 00:00:04]} 4. cxd5 {[%clk 01:32:17]} {[%emt 00:00:04]} exd5
{[%clk 01:32:06]} {[%emt 00:00:10]} 5. Bg5 {[%clk 01:32:41]} {[%emt 00:00:06]}
Nbd7 {[%clk 01:32:28]} {[%emt 00:00:07]} 6. e3 {[%clk 01:33:00]} {[%emt
00:00:13]} Be7 {[%clk 01:32:51]} {[%emt 00:00:07]} 7. Bd3 {[%clk 01:33:11]}
{[%emt 00:00:18]} O-O {[%clk 01:32:36]} {[%emt 00:00:44]} 8. Nge2 {[%clk
01:33:10]} {[%emt 00:00:32]} b6 {[%clk 01:32:27]} {[%emt 00:00:40]} 9. Ng3
{[%clk 01:33:03]} {[%emt 00:00:37]} g6 {[%clk 01:26:02]} {[%emt 00:06:54]} 10.
h4 {[%clk 01:32:21]} {[%emt 00:01:13]} c5 {[%clk 01:21:39]} {[%emt 00:04:54]}
11. h5 {[%clk 01:19:43]} {[%emt 00:13:07]} cxd4 {[%clk 01:11:48]} {[%emt
00:10:21]} 12. exd4 {[%clk 01:19:10]} {[%emt 00:01:04]} Nxh5 {[%clk 01:09:29]}
{[%emt 00:02:48]} 13. Nxh5 {[%clk 01:12:19]} {[%emt 00:07:22]} Bxg5 {[%clk
01:09:32]} {[%emt 00:00:27]} 14. Nxd5 {[%clk 00:54:05]} {[%emt 00:18:43]} Nf6
{[%clk 01:07:33]} {[%emt 00:02:29]} 15. Ndxf6+ {[%clk 00:47:04]} {[%emt
00:07:32]} Bxf6 {[%clk 01:07:54]} {[%emt 00:00:09]} 16. Qf3 {[%clk 00:45:06]}
{[%emt 00:02:27]} Re8+ {[%clk 00:58:02]} {[%emt 00:10:22]} 17. Kf1 {[%clk
00:37:35]} {[%emt 00:08:02]} Bf5 {[%clk 00:42:30]} {[%emt 00:16:02]} 18. Bxf5
{[%clk 00:32:59]} {[%emt 00:05:07]} gxh5 {[%clk 00:39:52]} {[%emt 00:03:08]}
19. Qxh5 {[%clk 00:24:50]} {[%emt 00:08:39]} Qxd4 {[%clk 00:34:53]} {[%emt
00:05:29]} 20. Rd1 {[%clk 00:19:42]} {[%emt 00:05:37]} Qxb2 {[%clk 00:29:36]}
{[%emt 00:17:13]} 21. Qg4+ {[%clk 00:18:42]} Bg7 {[%clk 00:27:06]} 22. Bxh7+
{[%clk 00:17:49]} Kf8 {[%clk 00:27:20]} 23. Rh3 {[%clk 00:14:18]} Rad8 {[%clk
00:25:32]} {[%emt 00:01:02]} 24. Rhd3 {[%clk 00:13:23]} {[%emt 00:01:24]} Rxd3
{[%clk 00:24:46]} {[%emt 00:01:17]} 25. Rxd3 {[%clk 00:12:33]} {[%emt
00:01:20]} Qc1+ {[%clk 00:22:37]} {[%emt 00:02:39]} 26. Rd1 {[%clk 00:12:04]}
{[%emt 00:00:59]} Qc3 {[%clk 00:22:03]} {[%emt 00:01:03]} 27. Qf4 {[%clk
00:11:21]} {[%emt 00:01:14]} Qe5 {[%clk 00:21:25]} {[%emt 00:01:08]} 28. Qb4+
{[%clk 00:10:43]} {[%emt 00:01:07]} Qe7 {[%clk 00:21:35]} {[%emt 00:00:20]} 29.
Qb5 {[%clk 00:09:32]} {[%emt 00:01:41]} Qh4 {[%clk 00:15:48]} {[%emt 00:06:16]}
30. Be4 {[%clk 00:03:09]} {[%emt 00:06:54]} Rxe4 {[%clk 00:10:25]} {[%emt
00:05:55]} 31. f3 {[%clk 00:02:52]} {[%emt 00:00:45]} Qh1+ {[%clk 00:09:04]}
{[%emt 00:01:51]} 32. Kf2 {[%clk 00:03:16]} {[%emt 00:00:06]} Bd4+ {[%clk
00:09:21]} {[%emt 00:00:13]} 33. Rxd4 {[%clk 00:02:44]} {[%emt 00:01:02]} Qe1#
{[%clk 00:09:23]} {[%emt 00:00:28]} 0-1

[Event "DEM U14w 2021"]
[Site "Willingen GER"]
[Date "2021.08.29"]
[Round "9"]
[White "Peglau, Charis"]
[Black "Bräutigam, Katerina"]
[Result "1-0"]
[Termination "normal"]
[Board "5"]
[WhiteElo "1827"]
[BlackElo "1738"]
[WhiteClock "00:20:46"]
[BlackClock "00:00:45"]
[PlyCount "81"]
[WhiteFideId "16219996"]
[BlackFideId "16242980"]
[EventCountry "GER"]
[EventRounds "9"]
[EventType "swiss"]
[EventDate "2021.08.22"]

1. g3 {[%clk 01:30:56]} {[%emt 00:00:05]} g6 {[%clk 01:30:43]} {[%emt
00:00:17]} 2. f4 {[%clk 01:31:04]} {[%emt 00:00:22]} f5 {[%clk 01:30:47]}
{[%emt 00:00:25]} 3. Bg2 {[%clk 01:31:26]} {[%emt 00:00:09]} Nf6 {[%clk
01:31:07]} {[%emt 00:00:10]} 4. Nf3 {[%clk 01:31:41]} {[%emt 00:00:15]} Bg7
{[%clk 01:31:16]} {[%emt 00:00:21]} 5. O-O {[%clk 01:31:20]} {[%emt 00:00:52]}
O-O {[%clk 01:30:47]} {[%emt 00:00:58]} 6. d3 {[%clk 01:30:01]} {[%emt
00:01:49]} c5 {[%clk 01:24:28]} {[%emt 00:06:48]} 7. c4 {[%clk 01:26:34]}
{[%emt 00:03:57]} Nc6 {[%clk 01:22:26]} {[%emt 00:02:32]} 8. Nc3 {[%clk
01:25:12]} {[%emt 00:01:53]} b6 {[%clk 01:21:26]} {[%emt 00:01:29]} 9. e4
{[%clk 01:21:47]} {[%emt 00:04:11]} Ne8 {[%clk 01:14:10]} {[%emt 00:07:30]} 10.
e5 {[%clk 01:15:07]} {[%emt 00:07:11]} Bb7 {[%clk 01:14:06]} {[%emt 00:00:33]}
11. d4 {[%clk 01:14:43]} {[%emt 00:00:54]} d6 {[%clk 01:07:07]} {[%emt
00:07:29]} 12. d5 {[%clk 01:14:12]} {[%emt 00:01:02]} Na5 {[%clk 01:07:28]}
{[%emt 00:00:09]} 13. Qd3 {[%clk 01:10:19]} {[%emt 00:04:23]} dxe5 {[%clk
01:03:18]} {[%emt 00:04:40]} 14. fxe5 {[%clk 01:08:45]} {[%emt 00:02:06]} Nc7
{[%clk 01:00:07]} {[%emt 00:03:40]} 15. Bf4 {[%clk 01:03:20]} {[%emt 00:05:56]}
h6 {[%clk 00:49:57]} {[%emt 00:10:38]} 16. h4 {[%clk 01:02:39]} {[%emt
00:01:11]} b5 {[%clk 00:39:38]} {[%emt 00:10:50]} 17. b3 {[%clk 01:02:00]}
{[%emt 00:01:09]} bxc4 {[%clk 00:38:05]} {[%emt 00:02:02]} 18. bxc4 {[%clk
01:02:22]} {[%emt 00:00:08]} Ba6 {[%clk 00:36:46]} {[%emt 00:01:50]} 19. Nd2
{[%clk 01:01:12]} {[%emt 00:01:40]} Ne6 {[%clk 00:30:23]} {[%emt 00:06:52]} 20.
d6 {[%clk 00:53:23]} {[%emt 00:08:19]} Nxf4 {[%clk 00:17:02]} {[%emt 00:13:51]}
21. gxf4 {[%clk 00:53:46]} {[%emt 00:00:07]} Rb8 {[%clk 00:17:25]} {[%emt
00:00:06]} 22. Bd5+ {[%clk 00:45:57]} {[%emt 00:08:21]} Kh8 {[%clk 00:15:21]}
{[%emt 00:02:34]} 23. dxe7 {[%clk 00:46:17]} {[%emt 00:00:10]} Qxe7 {[%clk
00:15:41]} {[%emt 00:00:09]} 24. Qg3 {[%clk 00:44:12]} {[%emt 00:02:35]} Qe8
{[%clk 00:07:53]} {[%emt 00:18:30]} 25. Rab1 {[%clk 00:43:17]} Bb7 {[%clk
00:05:28]} 26. Rb5 {[%clk 00:39:42]} Bxd5 {[%clk 00:03:35]} {[%emt 00:00:37]}
27. Rxb8 {[%clk 00:40:10]} {[%emt 00:00:02]} Qxb8 {[%clk 00:03:22]} {[%emt
00:00:42]} 28. cxd5 {[%clk 00:40:39]} {[%emt 00:00:02]} Qb4 {[%clk 00:01:03]}
{[%emt 00:02:48]} 29. Qe3 {[%clk 00:37:38]} {[%emt 00:03:31]} Qb6 {[%clk
00:00:32]} {[%emt 00:01:02]} 30. Rb1 {[%clk 00:35:45]} {[%emt 00:02:23]} Qd8
{[%clk 00:00:34]} {[%emt 00:00:27]} 31. Nf3 {[%clk 00:33:08]} {[%emt 00:03:07]}
Nc4 {[%clk 00:00:31]} {[%emt 00:00:33]} 32. Qxc5 {[%clk 00:33:24]} {[%emt
00:00:14]} Nb6 {[%clk 00:00:39]} {[%emt 00:00:23]} 33. a4 {[%clk 00:29:53]}
{[%emt 00:04:01]} Rf7 {[%clk 00:00:37]} {[%emt 00:00:31]} 34. d6 {[%clk
00:28:51]} {[%emt 00:01:32]} Kh7 {[%clk 00:00:35]} {[%emt 00:00:31]} 35. a5
{[%clk 00:27:23]} {[%emt 00:01:58]} Nc8 {[%clk 00:00:31]} {[%emt 00:00:34]} 36.
Rb8 {[%clk 00:27:26]} {[%emt 00:00:27]} Rf8 {[%clk 00:00:51]} {[%emt 00:00:10]}
37. Rb7 {[%clk 00:21:16]} {[%emt 00:06:40]} Kh8 {[%clk 00:00:35]} {[%emt
00:00:47]} 38. Nd5 {[%clk 00:20:56]} {[%emt 00:00:50]} Kh7 {[%clk 00:00:31]}
{[%emt 00:00:33]} 39. d7 {[%clk 00:20:54]} {[%emt 00:00:32]} Ne7 {[%clk
00:00:32]} {[%emt 00:00:29]} 40. Nxe7 {[%clk 00:20:54]} {[%emt 00:00:31]} Rf7
{[%clk 00:00:45]} {[%emt 00:00:16]} 41. Nc6 {[%clk 00:20:46]} {[%emt 00:00:38]}
1-0